000 01323nam0a2200301 4500
001 RU\NLR\ONL2\13337
005 20251203142156.0
035 _a(NLR Aleph) 009660922
090 _a13473817
_c13473817
100 _a20090401d1951 u y0rusy50 ca
101 0 _aaze
102 _aAZ
105 _aa |||||||||
200 1 _aJени суварма системинә кечмәклә әлагэдар олараг, тәсәррүфат дахили суварма шәбәкәләрини jенидән гурмағын әсас мәсәләләри
_fтехн. елм. нам. Ә. Г. Беhбудов
210 _aБакы
_cАзэрнэшр
_d1951
215 _a52 с., [1] л. схем.
_cсхем.
_d22
541 1 _6z01790
_aОсновные вопросы переустройства внутрихозяйственной сети в связи с переходом на новую систему орошения
_zrus
606 0 _aОрошение
_yАзербайджан
_91863579
_3RU\NLR\auth\66845539
686 1 _aП062.3
700 1 _aБеhбудов
_bӘ. Г.
_4070
790 1 _6z01541
_aБехбудов
_bА. Г.
_4070
801 0 _aRU
_bNLR
_c20090401
_gPSBO
852 _aNLR
_bОНЛ
_jАзерб./3-4086
942 _cBOOK
980 _aONL_RF
980 _aNB